Liste des 23 - Equipe d'Angleterre - EURO 2012 - Statistiques

Statistiques générales
  • Ce quiz a été pris 101 fois
  • Le résultat moyen est 11 sur 24
Statistiques - réponses
Poste Numéro Joueurs Club % Correct
G 1 Joe Hart Manchester City
94%
BU 10 Wayne Rooney Manchester United
93%
DC 6 John Terry Chelsea FC
84%
DG 3 Ashley Cole Chelsea FC
80%
MC 4 Steven Gerrard Liverpool FC
74%
MDC 8 Jordan Henderson Liverpool FC
59%
MD 7 Theo Walcott Arsenal
56%
DD 2 Glen Johnson Liverpool FC
52%
MC 16 James Milner Manchester City
52%
DC 15 Joleon Lescott Manchester City
52%
DC 14 Phil Jones Manchester United
52%
BU 22 Danny Welbeck Manchester United
48%
DG 12 Leighton Baines Everton
47%
BU 21 Jermain Defoe Tottenham Hotspur
40%
MOC 20 Alex Oxlade-Chamberlain Arsenal
36%
MG 11 Ashley Young Manchester United
34%
BU 9 Andy Carroll Liverpool FC
29%
DD 18 Phil Jagielka Everton
24%
G 23 Jack Butland Birmingham
16%
G 13 Robert Green West Ham United
16%
MC 17 Scott Parker Tottenham Hotspur
15%
SEL / Roy Hodgson /
12%
MC 19 Stewart Downing Liverpool FC
6%
DC 5 Martin Kelly Liverpool FC
3%
Aucun quiz correspondant
Distribution des résultats
% des personnes avec chaque résultat
Percentile par nombre de réponses
Votre historique - résultats
Vous n’avez pas pris ce quiz